000 00850nam a2200217 a 4500
001 001105172
003 AM-YEHGA
005 20260403151650.0
008 120214s2015 ai c||||r|||||000|p|arm|d
020 _a978-9939-823-27-0
040 _aAM-YEHGA
041 0 _aarm
100 1 _aՀովեյան, Հովիկ Վաչագանի,
_d1956-
245 1 0 _aԱնժամանակություն :
_bԲանաստեղծություններ /
_cՀ.Վ. Հովեյան ; Խմբ.՝ Ա. Իսոյան, Նկ.՝ Փ.Միրզոյան.
260 _aԵրևան :
_bՀայագիտակ,
_c2015.
300 _a204 էջ :
_b1 էջ դիմանկար ;
_c14 սմ.
650 1 4 _aՀայ գրականություն
_xՊոեզիա
700 1 _aԻսոյան, Ալբերտ
_eխմբ.
_4edt
700 1 _aՄիրզոյան, Փարավոն Միքայելի,
_d1949-
_93767
942 _2udc
_cBK
999 _c541798
_d541798